[Event "IECG CP.2002.P.00077 email"]
[Site "IECG email"]
[Date "2002.10.01"]
[Round "?"]
[White "Russo, Gigi"]
[Black "Drewes, Tom"]
[Result "1-0"]
[WhiteElo "1453"]
[BlackElo "1799"]
[PlyCount "87"]
[EventDate "2002.10.01"]
[EventType "tourn (corr)"]
[EventRounds "6"]
[EventCountry "GER"]
[SourceTitle "Corr 2008"]
[Source "ChessBase"]
[SourceDate "2008.06.24"]
[SourceVersion "1"]
[SourceVersionDate "2008.06.24"]
[SourceQuality "1"]

1. e4 c5 2. Nf3 e6 3. d4 cxd4 4. Nxd4 a6 5. Bd3 Bc5 6. Nb3 Ba7 7. c4 d6 8. Nc3 Ne7 9. 0-0 0-0 10. Qe2 Nbc6 11. Be3 Bxe3 12. Qxe3 b6 13. f4 Bb7 14. a3 Qc7 15. Na4 Rab8 16. Rad1 Nd8 17. Nd4 Ndc6 18. Nf3 Na5 19. Nd2 Bc8 20. b4 b5 21. cxb5 axb5 22. Rc1 Nac6 23. Nc3 Qa7 24. Qxa7 Nxa7 25. f5 exf5 26. exf5 f6 27. Nb3 Bd7 28. Nd4 Rfc8 29. Rfe1 Kf8 30. Kf2 h6 31. g4 Rd8 32. Re6 d5 33. Rd6 Nec6 34. Rxd5 Nxd4 35. Rxd4 Nc6 36. Rd5 Ne5 37. Be2 Rdc8 38. Rc5 Rxc5 39. bxc5 b4 40. Rb1 b3 41. Nd5 h5 42. h3 hxg4 43. hxg4 Be8 44. Nb6 1-0

[Event "SEMI A037 email"]
[Site "SEMI email"]
[Date "2002.08.26"]
[Round "?"]
[White "Pescatore, Roberto"]
[Black "Russo, Gigi"]
[Result "1/2-1/2"]
[WhiteElo "1800"]
[BlackElo "1800"]
[PlyCount "59"]
[EventDate "2002.08.26"]
[EventType "tourn (corr)"]
[EventRounds "5"]
[EventCountry "ITA"]
[SourceTitle "Corr 2008"]
[Source "ChessBase"]
[SourceDate "2008.06.24"]
[SourceVersion "1"]
[SourceVersionDate "2008.06.24"]
[SourceQuality "1"]

1. e4 c5 2. Nf3 d6 3. d4 cxd4 4. Nxd4 Nf6 5. Nc3 Bd7 6. Bc4 e6 7. Bg5 Be7 8. 0-0 0-0 9. Qd2 h6 10. Be3 Ng4 11. Rad1 Nxe3 12. Qxe3 Qb6 13. Rfe1 Rc8 14. Bb3 Na6 15. Qg3 Nc5 16. Re2 a5 17. a4 Nxb3 18. cxb3 Bf6 19. Red2 Ra6 20. h3 Rd8 21. Kh2 Qc5 22. Ndb5 Bxb5 23. Nxb5 Raa8 24. f4 d5 25. e5 Be7 26. Nd4 Qb6 27. f5 Bc5 28. f6 g6 29. h4 Rac8 30. Qf4 1/2-1/2

[Event "IECG CE.2002.0.00035 email"]
[Site "IECG email"]
[Date "2002.08.24"]
[Round "?"]
[White "Andre, Ricardo"]
[Black "Russo, Gigi"]
[Result "0-1"]
[WhiteElo "1363"]
[BlackElo "1279"]
[PlyCount "48"]
[EventDate "2002.08.24"]
[EventType "tourn (corr)"]
[EventRounds "6"]
[SourceTitle "Corr 2008"]
[Source "ChessBase"]
[SourceDate "2008.06.24"]
[SourceVersion "1"]
[SourceVersionDate "2008.06.24"]
[SourceQuality "1"]

1. Nh3 d5 2. g3 e5 3. c4 dxc4 4. Qa4+ Bd7 5. Qxc4 Nc6 6. b3 Be6 7. Qa4 a6 8. Ba3 b5 9. Qh4 Nd4 10. Qxd8+ Rxd8 11. Bxf8 Kxf8 12. Kd1 b4 13. d3 Nf6 14. Bg2 e4 15. Kd2 Bg4 16. Ng5 Bf5 17. e3 h6 18. Nxf7 Kxf7 19. exd4 Rhe8 20. Rc1 Rxd4 21. Rxc7+ Kg8 22. Bf1 exd3 23. f3 Nd5 24. Rc4 Ne3 0-1

[Event "IECC CL5-2002.17"]
[Site "IECC email"]
[Date "2002.08.20"]
[Round "?"]
[White "Russo, Gigi"]
[Black "Myatt, John R"]
[Result "1-0"]
[WhiteElo "1408"]
[BlackElo "1472"]
[PlyCount "33"]
[EventDate "2002.??.??"]
[EventType "tourn (corr)"]
[EventRounds "4"]
[SourceTitle "Corr 2008"]
[Source "ChessBase"]
[SourceDate "2008.06.24"]
[SourceVersion "1"]
[SourceVersionDate "2008.06.24"]
[SourceQuality "1"]

1. e4 e6 2. d4 d5 3. Nc3 Nf6 4. e5 Nfd7 5. f4 c5 6. Nf3 Nc6 7. Be3 cxd4 8. Nxd4 Qb6 9. Qd2 Qxb2 10. Rb1 Qa3 11. Bb5 Nxd4 12. Bxd4 Bb4 13. 0-0 Qa5 14. Qe3 0-0 15. f5 Bxc3 16. Bxc3 Qc7 17. f6 1-0

[Event "IECG CE.2002.0.00034 email"]
[Site "IECG email"]
[Date "2002.08.08"]
[Round "?"]
[White "Juntunen, Juha"]
[Black "Russo, Gigi"]
[Result "0-1"]
[WhiteElo "1266"]
[BlackElo "1279"]
[PlyCount "96"]
[EventDate "2002.08.08"]
[EventType "tourn (corr)"]
[EventRounds "6"]
[SourceTitle "Corr 2008"]
[Source "ChessBase"]
[SourceDate "2008.06.24"]
[SourceVersion "1"]
[SourceVersionDate "2008.06.24"]
[SourceQuality "1"]

1. e4 e5 2. Nf3 Nf6 3. Nc3 Nc6 4. Bb5 Bb4 5. 0-0 0-0 6. d3 d6 7. Bg5 Bxc3 8. bxc3 Qe7 9. Rb1 Nd8 10. Bc4 c6 11. Nh4 b5 12. Bb3 a5 13. a4 bxa4 14. Bxa4 h6 15. Bxf6 Qxf6 16. Qh5 Ne6 17. g3 Bd7 18. Rb6 Rfc8 19. Rfb1 Qd8 20. R6b2 Rcb8 21. Bb3 a4 22. Ba2 Rxb2 23. Rxb2 a3 24. Rb7 Qc8 25. Rb1 Ng5 26. Qe2 Rb8 27. Rb3 Be6 28. c4 Rxb3 29. cxb3 Qb7 30. Qd2 Qb6 31. Qe3 Qb4 32. Qc1 Bg4 33. Kf1 Ne6 34. Kg2 Nd4 35. f3 Nxb3 36. Qd1 Nc5 37. Qe2 Nxd3 38. fxg4 Nc1 39. Qf2 Nxa2 40. c5 Nc3 41. cxd6 Nxe4 42. Qc2 Nxd6 43. Nf3 Nc4 44. Kg1 Qb6+ 45. Kh1 Qb2 46. Ne1 Ne3 47. Qxc6 Qe2 48. Qa8+ Kh7 0-1

[Event "SEMI A036 email"]
[Site "SEMI email"]
[Date "2002.08.05"]
[Round "?"]
[White "Russo, Gigi"]
[Black "Rebaudo, Nino"]
[Result "1-0"]
[WhiteElo "1800"]
[BlackElo "1930"]
[PlyCount "69"]
[EventDate "2002.08.05"]
[EventType "swiss (corr)"]
[EventRounds "6"]
[EventCountry "ITA"]
[SourceTitle "Telechess CBM 097"]
[Source "ChessBase"]
[SourceDate "2003.11.11"]
[SourceVersion "1"]
[SourceVersionDate "2003.11.11"]
[SourceQuality "1"]

1. e4 c5 2. Nf3 d6 3. d4 cxd4 4. Nxd4 Nf6 5. Nc3 a6 6. Be3 e6 7. Qd2 b5 8. f3 Nbd7 9. g4 h6 10. 0-0-0 Bb7 11. h4 b4 12. Na4 Qa5 13. b3 Nc5 14. a3 Nxa4 15. axb4 Qc7 16. bxa4 d5 17. e5 Nd7 18. f4 Nb6 19. Rg1 Nxa4 20. c4 dxc4 21. Qc2 Qd7 22. Nxe6 Qxe6 23. Qxa4+ Bc6 24. Qa5 Be7 25. f5 Qc8 26. Bc5 Bd8 27. Qa2 Bxh4 28. Bxc4 Qc7 29. f6 a5 30. fxg7 Rg8 31. Rgf1 Bg5+ 32. Kb1 Be4+ 33. Ka1 Qxe5+ 34. Bd4 axb4 35. Qxa8+ 1-0

[Event "SEMI A034 email"]
[Site "SEMI email"]
[Date "2002.06.25"]
[Round "?"]
[White "Gandia, Alain"]
[Black "Russo, Gigi"]
[Result "0-1"]
[WhiteElo "1800"]
[BlackElo "1800"]
[PlyCount "38"]
[EventDate "2002.06.25"]
[EventType "swiss (corr)"]
[EventRounds "6"]
[EventCountry "ITA"]
[SourceTitle "Telechess CBM 097"]
[Source "ChessBase"]
[SourceDate "2003.11.11"]
[SourceVersion "1"]
[SourceVersionDate "2003.11.11"]
[SourceQuality "1"]

1. e4 e5 2. Nf3 Nc6 3. d4 exd4 4. Bc4 Bc5 5. c3 Nf6 6. cxd4 Bb4+ 7. Nc3 Nxe4 8. 0-0 Bxc3 9. d5 Bf6 10. Re1 Ne7 11. Rxe4 d6 12. Bg5 Bxg5 13. Nxg5 h6 14. Qe2 hxg5 15. Re1 Be6 16. dxe6 f6 17. b4 d5 18. Bd3 Qd6 19. Rg4 Qxh2+ 0-1

[Event "SEMI A034 email"]
[Site "SEMI email"]
[Date "2002.06.25"]
[Round "?"]
[White "Russo, Gigi"]
[Black "Hilton, Stephen H"]
[Result "1-0"]
[WhiteElo "1800"]
[BlackElo "1835"]
[PlyCount "47"]
[EventDate "2002.06.25"]
[EventType "swiss (corr)"]
[EventRounds "6"]
[EventCountry "ITA"]
[SourceTitle "Telechess CBM 097"]
[Source "ChessBase"]
[SourceDate "2003.11.11"]
[SourceVersion "1"]
[SourceVersionDate "2003.11.11"]
[SourceQuality "1"]

1. e4 c5 2. Nf3 d6 3. d4 cxd4 4. Nxd4 Nf6 5. Nc3 g6 6. Be3 Bg7 7. f3 Nc6 8. Qd2 0-0 9. 0-0-0 Bd7 10. g4 Rc8 11. h4 Ne5 12. h5 Qa5 13. Nb3 Qc7 14. Be2 b5 15. hxg6 fxg6 16. Bd4 b4 17. Nd5 Nxd5 18. exd5 a5 19. Na1 Rf7 20. Kb1 Nxf3 21. Bxf3 Bxd4 22. Qxd4 Rxf3 23. Rxh7 Rf6 24. Rdh1 1-0

[Event "SEMI A034 email"]
[Site "SEMI email"]
[Date "2002.06.25"]
[Round "?"]
[White "Russo, Gigi"]
[Black "Marcotulli, Giancarlo"]
[Result "1/2-1/2"]
[WhiteElo "1800"]
[BlackElo "2412"]
[PlyCount "58"]
[EventDate "2002.06.25"]
[EventType "swiss (corr)"]
[EventRounds "6"]
[EventCountry "ITA"]
[SourceTitle "Telechess CBM 097"]
[Source "ChessBase"]
[SourceDate "2003.11.11"]
[SourceVersion "1"]
[SourceVersionDate "2003.11.11"]
[SourceQuality "1"]

1. c4 Nf6 2. Nc3 g6 3. e4 d6 4. d4 Bg7 5. Nf3 0-0 6. Be2 c5 7. 0-0 cxd4 8. Nxd4 a6 9. Be3 Nc6 10. f3 Bd7 11. Nb3 Bc8 12. Qd2 a5 13. Nd5 a4 14. Nd4 Nxd5 15. cxd5 Nxd4 16. Bxd4 Qa5 17. Rfd1 Bxd4+ 18. Qxd4 e5 19. dxe6 Bxe6 20. f4 Qc5 21. g4 Rac8 22. Qxc5 Rxc5 23. Rd2 g5 24. fxg5 Rxg5 25. Kf2 Rc8 26. Ke3 d5 27. Kf4 f6 28. h4 Re5 29. exd5 Bxd5 1/2-1/2

[Event "SEMI A034 email"]
[Site "SEMI email"]
[Date "2002.06.25"]
[Round "?"]
[White "Russo, Gigi"]
[Black "Ottaviani, Mauro"]
[Result "1-0"]
[WhiteElo "1800"]
[BlackElo "1800"]
[PlyCount "65"]
[EventDate "2002.06.25"]
[EventType "swiss (corr)"]
[EventRounds "6"]
[EventCountry "ITA"]
[SourceTitle "Telechess CBM 097"]
[Source "ChessBase"]
[SourceDate "2003.11.11"]
[SourceVersion "1"]
[SourceVersionDate "2003.11.11"]
[SourceQuality "1"]

1. d4 d5 2. c4 e6 3. Nc3 c6 4. e3 Nf6 5. Nf3 Nbd7 6. Bd3 dxc4 7. Bxc4 b5 8. Bd3 Bb7 9. e4 b4 10. Na4 c5 11. e5 Nd5 12. Nxc5 Nxc5 13. dxc5 Bxc5 14. 0-0 h6 15. Nd2 0-0 16. Ne4 Bd4 17. Nd6 Bc6 18. Bh7+ Kxh7 19. Qxd4 f6 20. Bd2 fxe5 21. Qxe5 Qd7 22. Nc4 Rad8 23. Qe4+ Kg8 24. Ne5 Qd6 25. Bxh6 Ne7 26. Nxc6 Nxc6 27. Qg4 Rf7 28. Rfd1 Nd4 29. Bg5 Rdd7 30. Rac1 Rf8 31. Be3 e5 32. f4 Rfd8 33. Bf2 1-0

[Event "IECG CE.2002.0.00031 email"]
[Site "IECG email"]
[Date "2002.06.12"]
[Round "?"]
[White "Pott, Brian"]
[Black "Russo, Gigi"]
[Result "1/2-1/2"]
[WhiteElo "1342"]
[BlackElo "1279"]
[PlyCount "74"]
[EventDate "2002.06.12"]
[EventType "tourn (corr)"]
[EventRounds "6"]
[SourceTitle "Corr 2008"]
[Source "ChessBase"]
[SourceDate "2008.06.24"]
[SourceVersion "1"]
[SourceVersionDate "2008.06.24"]
[SourceQuality "1"]

1. e4 e5 2. Nf3 Nf6 3. d4 Nxe4 4. Bd3 Nc6 5. Bxe4 d5 6. Bg5 Qd7 7. Bd3 e4 8. 0-0 f6 9. Bf4 exd3 10. Qxd3 Be7 11. Nc3 0-0 12. a3 Bd8 13. Rfe1 Ne7 14. Nd1 c6 15. Ne3 Ng6 16. Bg3 f5 17. Be5 f4 18. Nf1 Re8 19. Re2 Qf7 20. Rae1 Ba5 21. b4 Bf5 22. Qc3 Bd8 23. N1d2 a5 24. Nb3 axb4 25. axb4 Nh4 26. Nxh4 Bxh4 27. Bxf4 Rxe2 28. Rxe2 Bg4 29. f3 Qxf4 30. fxg4 Qxg4 31. Qe3 Qg6 32. Qh3 Bf6 33. Qe6+ Qf7 34. Qe3 Bh4 35. g3 Rf8 36. Re1 Bg5 37. Qe2 b6 1/2-1/2

[Event "IECG CE.2002.0.00031 email"]
[Site "IECG email"]
[Date "2002.06.12"]
[Round "?"]
[White "Russo, Gigi"]
[Black "Hyde, Kevin J"]
[Result "1-0"]
[WhiteElo "1279"]
[BlackElo "1342"]
[PlyCount "47"]
[EventDate "2002.06.12"]
[EventType "tourn (corr)"]
[EventRounds "6"]
[SourceTitle "Corr 2008"]
[Source "ChessBase"]
[SourceDate "2008.06.24"]
[SourceVersion "1"]
[SourceVersionDate "2008.06.24"]
[SourceQuality "1"]

1. e4 c5 2. Nf3 a6 3. c3 Nc6 4. Be2 d6 5. d4 Bg4 6. d5 Bxf3 7. Bxf3 Ne5 8. Be2 Nf6 9. 0-0 b5 10. a4 c4 11. axb5 axb5 12. Rxa8 Qxa8 13. Na3 Qb8 14. f3 h6 15. b3 b4 16. cxb4 Qxb4 17. Nxc4 g5 18. Nxe5 dxe5 19. Qc2 Qb6+ 20. Be3 Qxe3+ 21. Kh1 Qb6 22. Qc8+ Qd8 23. Bb5+ Nd7 24. Bxd7# 1-0

[Event "IECC CL6-2002.16a"]
[Site "IECC email"]
[Date "2002.05.05"]
[Round "?"]
[White "Russo, Gigi"]
[Black "Baker, Tim"]
[Result "1-0"]
[WhiteElo "1377"]
[BlackElo "1241"]
[PlyCount "59"]
[EventDate "2002.??.??"]
[EventType "tourn (corr)"]
[EventRounds "4"]
[SourceTitle "Corr 2008"]
[Source "ChessBase"]
[SourceDate "2008.06.24"]
[SourceVersion "1"]
[SourceVersionDate "2008.06.24"]
[SourceQuality "1"]

1. e4 c5 2. Nc3 Nc6 3. g3 d6 4. Bg2 Nf6 5. d3 g6 6. f4 Bg7 7. Nf3 0-0 8. 0-0 Bd7 9. h3 Nh5 10. Kh2 Rc8 11. f5 Bf6 12. Bh6 Ng7 13. Nd5 gxf5 14. Nxf6+ exf6 15. Nd2 Ne7 16. Nc4 Qc7 17. Qf3 b5 18. Ne3 Rfe8 19. c3 b4 20. cxb4 cxb4 21. exf5 Ngxf5 22. Qg4+ Kh8 23. Nxf5 Nxf5 24. Rxf5 Rg8 25. Qd4 Rg6 26. Rxf6 Qc5 27. Qh4 Qe5 28. Rxg6 fxg6 29. d4 Qe6 30. Re1 1-0

[Event "IECC CL6-2002.16a"]
[Site "IECC email"]
[Date "2002.05.05"]
[Round "?"]
[White "Russo, Gigi"]
[Black "Greenhalf, Guy E"]
[Result "1-0"]
[WhiteElo "1343"]
[BlackElo "1403"]
[PlyCount "67"]
[EventDate "2002.??.??"]
[EventType "tourn (corr)"]
[EventRounds "4"]
[SourceTitle "Corr 2008"]
[Source "ChessBase"]
[SourceDate "2008.06.24"]
[SourceVersion "1"]
[SourceVersionDate "2008.06.24"]
[SourceQuality "1"]

1. e4 e6 2. d4 d5 3. Nc3 Bb4 4. e5 Ne7 5. a3 Bxc3+ 6. bxc3 c5 7. Nf3 0-0 8. Bd3 Nf5 9. 0-0 c4 10. Bxf5 exf5 11. Bg5 Qa5 12. Be7 Re8 13. Bb4 Qa4 14. Ng5 h6 15. Nh3 Nc6 16. Nf4 Be6 17. Re1 Ne7 18. Bxe7 Rxe7 19. Re3 Qc6 20. Rg3 Qa4 21. Nh5 g6 22. Rh3 Rd8 23. Qc1 f4 24. Nf6+ Kg7 25. Rf3 g5 26. g3 Bf5 27. gxf4 g4 28. Rg3 Qxc2 29. Qxc2 Bxc2 30. Rxg4+ Kh8 31. Re1 Bg6 32. Re3 Re6 33. Rh3 h5 34. Nxh5 1-0

[Event "SEMI A031 email"]
[Site "SEMI email"]
[Date "2002.04.20"]
[Round "?"]
[White "Russo, Gigi"]
[Black "Beninsky, Svejen"]
[Result "1-0"]
[WhiteElo "1800"]
[BlackElo "1944"]
[PlyCount "87"]
[EventDate "2002.04.20"]
[EventType "tourn (corr)"]
[EventRounds "5"]
[EventCountry "ITA"]
[SourceTitle "Telechess CBM 097"]
[Source "ChessBase"]
[SourceDate "2003.11.11"]
[SourceVersion "1"]
[SourceVersionDate "2003.11.11"]
[SourceQuality "1"]

1. e4 c5 2. Nf3 Nc6 3. d4 cxd4 4. Nxd4 e6 5. Nb5 d6 6. Bf4 e5 7. Be3 Nf6 8. Bg5 Be6 9. Bxf6 gxf6 10. Nd2 a6 11. Nc3 d5 12. exd5 Bxd5 13. Nxd5 Qxd5 14. Nc4 Qe4+ 15. Qe2 f5 16. 0-0-0 b5 17. Ne3 Bc5 18. g3 Bxe3+ 19. fxe3 Qg4 20. Qxg4 fxg4 21. Bg2 Rc8 22. Rd6 Nb4 23. c3 Nxa2+ 24. Kd2 Ke7 25. Rxa6 Nb4 26. Rb6 Rhd8+ 27. Ke2 Rc7 28. Rxb5 Rcd7 29. Rb7 Nd3 30. Rxd7+ Rxd7 31. b3 Nc5 32. b4 Na4 33. Rc1 Rd6 34. c4 Rb6 35. b5 Kd6 36. Ra1 Nb2 37. Bd5 Kc5 38. Ra6 Rxa6 39. bxa6 Kb6 40. c5+ Kxa6 41. Bb3 Kb5 42. Kd2 e4 43. Kc3 Nd3 44. Kd4 1-0

[Event "IECC CL6-2002.13"]
[Site "IECC email"]
[Date "2002.04.07"]
[Round "?"]
[White "Russo, Gigi"]
[Black "Kowalski, Boleslaw"]
[Result "1/2-1/2"]
[WhiteElo "1377"]
[BlackElo "1395"]
[PlyCount "69"]
[EventDate "2002.??.??"]
[EventType "tourn (corr)"]
[EventRounds "4"]
[SourceTitle "Corr 2008"]
[Source "ChessBase"]
[SourceDate "2008.06.24"]
[SourceVersion "1"]
[SourceVersionDate "2008.06.24"]
[SourceQuality "1"]

1. e4 e6 2. d4 d5 3. Nc3 dxe4 4. Nxe4 Nd7 5. Nf3 Ngf6 6. Nxf6+ Nxf6 7. Bd3 c5 8. dxc5 Bxc5 9. Qe2 Qc7 10. Bd2 Bd7 11. 0-0 0-0 12. Rad1 Rfd8 13. Bc3 Bc6 14. Ng5 Bd6 15. Kh1 Be7 16. Rde1 Rac8 17. f4 h6 18. Ne4 Nxe4 19. Bxe4 Bxe4 20. Qxe4 Bd6 21. Qd4 Bf8 22. Qxa7 Ra8 23. Qf2 Rxa2 24. f5 exf5 25. Qxf5 Ra6 26. Re4 Rg6 27. Qf2 Rg5 28. Qf3 Bd6 29. Rd1 Rc8 30. Rde1 Qc6 31. Rd1 Qc7 32. Rde1 Qc6 33. Qe2 Qc7 34. Qd3 Qc6 35. Qe2 1/2-1/2

[Event "IECC CL6-2002.13"]
[Site "IECC email"]
[Date "2002.04.07"]
[Round "?"]
[White "Russo, Gigi"]
[Black "Oliveira, Ricardo Jorge GB"]
[Result "1-0"]
[WhiteElo "1361"]
[BlackElo "1382"]
[PlyCount "37"]
[EventDate "2002.??.??"]
[EventType "tourn (corr)"]
[EventRounds "4"]
[SourceTitle "Corr 2008"]
[Source "ChessBase"]
[SourceDate "2008.06.24"]
[SourceVersion "1"]
[SourceVersionDate "2008.06.24"]
[SourceQuality "1"]

1. e4 c5 2. Nc3 Nc6 3. g3 d6 4. Bg2 g6 5. d3 Bg7 6. f4 Nf6 7. Nf3 0-0 8. 0-0 Bg4 9. h3 Bd7 10. Kh2 Rc8 11. Be3 Qc7 12. Qd2 Rfd8 13. Rae1 Qb6 14. e5 Ne8 15. Nd5 Qxb2 16. a4 dxe5 17. Rb1 Qa2 18. Nc3 Qe6 19. Ng5 1-0

[Event "SEMI B027 email"]
[Site "SEMI email"]
[Date "2002.03.04"]
[Round "?"]
[White "Fiorentino, Marco"]
[Black "Russo, Gigi"]
[Result "1/2-1/2"]
[WhiteElo "1000"]
[BlackElo "1000"]
[PlyCount "64"]
[EventDate "2002.03.04"]
[EventType "tourn (corr)"]
[EventRounds "6"]
[EventCountry "ITA"]
[SourceTitle "Telechess CBM 097"]
[Source "ChessBase"]
[SourceDate "2003.11.11"]
[SourceVersion "1"]
[SourceVersionDate "2003.11.11"]
[SourceQuality "1"]

1. e4 d6 2. d4 Nf6 3. Nc3 g6 4. f4 Bg7 5. Nf3 0-0 6. Bd3 Nc6 7. e5 dxe5 8. fxe5 Nh5 9. Ne2 Bg4 10. c3 Kh8 11. 0-0 f6 12. exf6 Bxf6 13. Qb3 Qd6 14. Qxb7 Rab8 15. Qa6 Bg7 16. Qa4 Bd7 17. Qc2 e5 18. Be3 Rbe8 19. dxe5 Nxe5 20. Nxe5 Bxe5 21. Rxf8+ Rxf8 22. h3 Bc6 23. Be4 Bxe4 24. Qxe4 Re8 25. Bd4 c5 26. Bxe5+ Rxe5 27. Qa8+ Kg7 28. Qf3 Rf5 29. Qb7+ Rf7 30. Qe4 Re7 31. Qf3 Rf7 32. Qg4 Qd2 1/2-1/2

[Event "SEMI B026 email"]
[Site "SEMI email"]
[Date "2002.01.15"]
[Round "?"]
[White "Clifford, Roby"]
[Black "Russo, Gigi"]
[Result "0-1"]
[WhiteElo "1479"]
[BlackElo "1000"]
[PlyCount "62"]
[EventDate "2002.01.15"]
[EventType "tourn (corr)"]
[EventRounds "6"]
[EventCountry "ITA"]
[SourceTitle "Telechess CBM 097"]
[Source "ChessBase"]
[SourceDate "2003.11.11"]
[SourceVersion "1"]
[SourceVersionDate "2003.11.11"]
[SourceQuality "1"]

1. d3 d5 2. g3 e5 3. Bg2 Nf6 4. Nd2 Nc6 5. e4 Bg4 6. Ngf3 dxe4 7. dxe4 Qd7 8. c3 0-0-0 9. Qc2 Qd3 10. Qxd3 Rxd3 11. 0-0 h6 12. h3 Be6 13. Re1 Nh7 14. Bf1 Rd7 15. b4 f6 16. Nb3 Ng5 17. Nfd2 Nxh3+ 18. Bxh3 Bxh3 19. a4 Rd3 20. Bb2 Be6 21. b5 Na5 22. Nxa5 Rxd2 23. Bc1 Rc2 24. Be3 Rxc3 25. Rec1 Bb4 26. Nc6 bxc6 27. Rxc3 Bxc3 28. Rc1 Bd4 29. Rxc6 Bb3 30. Ra6 Rd8 31. b6 axb6 0-1